Sports Quiz

Random Sports or Soccer Quiz
Score 0/75 Timer 10:00
0 Plays Today
Question Answer % Correct
Teams that were knocked out in the Round of 16 of the Champions League by the eventual Runners-Up in the 2010sFC Basel
100%
Teams that Alexander Frei played forFC Basel
100%
Teams that were opponents of FC Barcelona in the 2009 Champions LeagueFC Basel
100%
Teams that Murat Yakin has managedFC Basel
100%
Teams that reached the Quarter-Finals of the 1974 European CupFC Basel
100%
Teams that Alexander Frei played forFC Basel
100%
Teams that knocked Servette FC out of the Swiss Cup in the 2010sFC Basel
100%
Teams that knocked Tottenham Hotspur out of European competition in the 2010sFC Basel
100%
Teams that have won the Swiss League on more than one occasion (1898-present)FC Basel
100%
Teams that were knocked out in the Round of 16 of the Champions League by the eventual Runners-Up in the 2010sBorussia Dortmund
87.4%
Teams that were knocked out in the Round of 16 of the Champions League by the eventual Runners-Up in the 2010sBorussia Dortmund
87.4%
Teams that Alexander Frei played forBorussia Dortmund
87.4%
Teams that knocked Tottenham Hotspur out of European competition in the 2010sBorussia Dortmund
87.4%
Teams that have won the Swiss League on more than one occasion (1898-present)BSC Young Boys
86.2%
Teams that were opponents of FC Barcelona in the 2009 Champions LeagueManchester United
83.9%
Teams that knocked Tottenham Hotspur out of European competition in the 2010sLiverpool
83.9%
Teams that Murat Yakin has managedGrasshoppers
82.8%
Teams that have won the Swiss League on more than one occasion (1898-present)Grasshoppers
82.8%
Teams that have won the Swiss League on more than one occasion (1898-present)FC Zürich
82.8%
Teams that knocked Tottenham Hotspur out of European competition in the 2010sReal Madrid
82.6%
Teams that were opponents of FC Barcelona in the 2009 Champions LeagueFC Bayern München
79.3%
Teams that reached the Quarter-Finals of the 1974 European CupFC Bayern München
79.3%
Teams that were opponents of FC Barcelona in the 2009 Champions LeagueChelsea
78.2%
Teams that Alexander Frei played forServette FC
77%
Teams that have won the Swiss League on more than one occasion (1898-present)Servette FC
77%
Teams that reached the Quarter-Finals of the 1974 European CupCeltic
74.7%
Teams that Murat Yakin has managedFC Sion
73.6%
Teams that have won the Swiss League on more than one occasion (1898-present)FC Sion
73.6%
Teams that Murat Yakin has managedFC Thun
70.1%
Teams that Alexander Frei played forFC Thun
70.1%
Teams that were knocked out in the Round of 16 of the Champions League by the eventual Runners-Up in the 2010sAC Milan
69%
Teams that were opponents of FC Barcelona in the 2009 Champions LeagueOlympique Lyonnais
69%
Teams that knocked Tottenham Hotspur out of European competition in the 2010sJuventus
67.8%
Teams that were knocked out in the Round of 16 of the Champions League by the eventual Runners-Up in the 2010sFC Porto
65.5%
Teams that were knocked out in the Round of 16 of the Champions League by the eventual Runners-Up in the 2010sFC Porto
65.5%
Teams that reached the Quarter-Finals of the 1974 European CupAtlético Madrid
63.2%
Teams that Murat Yakin has managedFC Luzern
59.8%
Teams that reached the Quarter-Finals of the 1974 European CupPFC CSKA Sofia
59.8%
Question Answer % Correct
Teams that Alexander Frei played forFC Luzern
59.8%
Teams that knocked Servette FC out of the Swiss Cup in the 2010sFC St. Gallen
59.8%
Teams that knocked Servette FC out of the Swiss Cup in the 2010sFC Luzern
59.8%
Teams that knocked Servette FC out of the Swiss Cup in the 2010sFC Luzern
59.8%
Teams that have won the Swiss League on more than one occasion (1898-present)Neuchâtel Xamax FCS
59.8%
Teams that have won the Swiss League on more than one occasion (1898-present)FC St. Gallen
59.8%
Teams that knocked Servette FC out of the Swiss Cup in the 2010sFC Luzern
58.6%
Teams that reached the Quarter-Finals of the 1974 European CupRed Star Belgrade
57.5%
Teams that have won the Swiss League on more than one occasion (1898-present)FC Lugano
54%
Teams that were knocked out in the Round of 16 of the Champions League by the eventual Runners-Up in the 2010sOlympique de Marseille
52.9%
Teams that were opponents of FC Barcelona in the 2009 Champions LeagueSporting CP
52.9%
Teams that knocked Tottenham Hotspur out of European competition in the 2010sSL Benfica
51.7%
Teams that have won the Swiss League on more than one occasion (1898-present)FC Aarau
48.3%
Teams that were knocked out in the Round of 16 of the Champions League by the eventual Runners-Up in the 2010sPSV Eindhoven
46%
Teams that Alexander Frei played forStade Rennais
46%
Teams that Murat Yakin has managedSpartak Moscow
40.2%
Teams that have won the Swiss League on more than one occasion (1898-present)FC Winterthur
37.9%
Teams that Murat Yakin has managedFC Schaffhausen
36.8%
Teams that Murat Yakin has managedFC Schaffhausen
36.8%
Teams that were knocked out in the Round of 16 of the Champions League by the eventual Runners-Up in the 2010sShakhtar Donetsk
34.5%
Teams that were opponents of FC Barcelona in the 2009 Champions LeagueShakhtar Donetsk
34.5%
Teams that knocked Servette FC out of the Swiss Cup in the 2010sFC Lausanne Sport
32.2%
Teams that have won the Swiss League on more than one occasion (1898-present)FC Lausanne Sport
32.2%
Teams that reached the Quarter-Finals of the 1974 European CupÚjpest FC
27.6%
Teams that were knocked out in the Round of 16 of the Champions League by the eventual Runners-Up in the 2010sFiorentina
25.6%
Teams that knocked Tottenham Hotspur out of European competition in the 2010sFiorentina
25.3%
Teams that knocked Tottenham Hotspur out of European competition in the 2010sKAA Gent
23%
Teams that knocked Tottenham Hotspur out of European competition in the 2010sRubin Kazan
16.1%
Teams that have won the Swiss League on more than one occasion (1898-present)FC La Chaux-de-Fonds
16.1%
Teams that knocked Tottenham Hotspur out of European competition in the 2010sPAOK
14.9%
Teams that Murat Yakin has managedFC Concordia Basel
9.2%
Teams that reached the Quarter-Finals of the 1974 European CupFC Spartak Trnava
8%
Teams that were opponents of FC Barcelona in the 2009 Champions LeagueWisła Kraków
6.9%
Teams that knocked Servette FC out of the Swiss Cup in the 2010sFC Wohlen
4.6%
Teams that knocked Servette FC out of the Swiss Cup in the 2010sFC Biel-Bienne
3.4%
Teams that knocked Servette FC out of the Swiss Cup in the 2010sSC Cham
3.4%
Teams that knocked Servette FC out of the Swiss Cup in the 2010sFC Breitenrain Bern
2.3%
Remove Ads.
Support Sporcle.
Get the best of Sporcle when you Go Orange. This ad-free experience offers more features, more stats, and more fun while also helping to support Sporcle. Thank you for becoming a member.

You're not logged in!

Compare scores with friends on all Sporcle quizzes.
OR
Log In

Sporcle TV

Today on Sporcle TV


Watch our educational content, quiz creation guides, and fun videos on Sporcle TV.

Show Comments

Extras

Top Quizzes Today


Score Distribution

Paid Content

Your Account Isn't Verified!

In order to create a playlist on Sporcle, you need to verify the email address you used during registration. Go to your Sporcle Settings to finish the process.

Report this User

Report this user for behavior that violates our Community Guidelines.

Details: